书目信息 |
| 题名: |
百吃不厌江南菜
|
|
| 作者: | 孔阳 编著 | |
| 分册: | ||
| 出版信息: | 北京 团结出版社 2014 |
|
| 页数: | 166页 | |
| 开本: | 23cm | |
| 丛书名: | 健康美食厨房 | |
| 单 册: | ||
| 中图分类: | TS972.182.5 , TS972.1 | |
| 科图分类: | ||
| 主题词: | 菜谱--cai pu--华东地区 | |
| 电子资源: | ||
| ISBN: | 978-7-5126-2264-7 | |
| 000 | 00851nam 2200253 450 | |
| 001 | 2368045243 | |
| 005 | 20231109112403.60 | |
| 010 | @a978-7-5126-2264-7@dCNY45.00 | |
| 100 | @a20140324d2014 em y0chiy50 ea | |
| 101 | 0 | @achi |
| 102 | @aCN@b110000 | |
| 105 | @aa z 000yy | |
| 200 | 1 | @a百吃不厌江南菜@Abai chi bu yan jiang nan cai@f孔阳编著 |
| 210 | @a北京@c团结出版社@d2014 | |
| 215 | @a166页@c彩图@d23cm | |
| 225 | 2 | @a健康美食厨房@Ajian kang mei shi chu fang |
| 330 | @a本书就江南地区的菜系品种分类编写, 囊括地区广泛, 汇集了江南菜中最经典的菜肴, 道道经典、美味, 使您不出家门就可以享受到别具特色的江南风味。 | |
| 410 | 0 | @12001 @a健康美食厨房 |
| 606 | 0 | @a菜谱@Acai pu@y华东地区 |
| 690 | @aTS972.182.5@v5 | |
| 690 | @aTS972.1@v4 | |
| 701 | 0 | @a孔阳@Akong yang@4编著 |
| 801 | 0 | @aCN@b山东中教@c20230926 |
| 905 | @aBZT@dTS972.1@e275 | |
| 百吃不厌江南菜/孔阳编著.-北京:团结出版社,2014 |
| 166页:彩图;23cm.-(健康美食厨房) |
| ISBN 978-7-5126-2264-7:CNY45.00 |
| 本书就江南地区的菜系品种分类编写, 囊括地区广泛, 汇集了江南菜中最经典的菜肴, 道道经典、美味, 使您不出家门就可以享受到别具特色的江南风味。 |
| ● |
| 相关链接 |
|
|
|
正题名:百吃不厌江南菜
索取号:TS972.1/275
 
预约/预借
| 序号 | 登录号 | 条形码 | 馆藏地/架位号 | 状态 | 备注 |
| 1 | 2000965125 | 2000965125 | 第四书库/四28架A面5层2列/ [索取号:TS972.1/275] | 在馆 | |
| 2 | 2000965126 | 2000965126 | 第四书库/四28架A面5层2列/ [索取号:TS972.1/275] | 在馆 | |
| 3 | 2000965127 | 2000965127 | 第四书库/四28架A面5层2列/ [索取号:TS972.1/275] | 在馆 | |
| 4 | 2000965128 | 2000965128 | 第四书库/四28架A面5层2列/ [索取号:TS972.1/275] | 在馆 | |
| 5 | 2000965129 | 2000965129 | 第四书库/四28架A面5层2列/ [索取号:TS972.1/275] | 在馆 | |
| 6 | 2000965130 | 2000965130 | 第四书库/四28架A面5层2列/ [索取号:TS972.1/275] | 在馆 |